000 00911nam a2200253 a 4500
001 000021741
005 20250530112058.0
008 100910s1996 mx 000 0 spa d
020 _a9706208488
040 _aDO-SdBNP
_bspa
_cBNPHU
041 1 7 _aspa
_2Codígo de idiomas MARC
082 _a301
_bC712c
100 1 _aCollins, Randall.
_945187
240 1 0 _aFour sociological traditions.
_lEspañol
245 1 0 _aCuatro tradiciones sociológicas /
_cRandall Collins ; traducción Angel Carlos González.
260 _aIztapalapa :
_bUniversidad Autonoma Metropolitana,
_c1996.
300 _a332 p. ;
_c21 cm.
534 _aTítulo original en inglés :
_tFour sociological traditions
500 _a"Edición corregida y aumentada de Three Sociological Traditions".
650 0 _aSociología
_91061
650 0 _aConflicto social
_91974
700 1 _aGonzález, Angel Carlos,
_etr.
_945188
049 _aBNGR
999 _c21240
_d21240